Toda la felicidad del universo / (Registro nro. 6400)
[ vista simple ]
| 000 -LEADER | |
|---|---|
| fixed length control field | 01063cam a22002537i 4500 |
| 001 - CONTROL NUMBER | |
| control field | 20794601 |
| 003 - CONTROL NUMBER IDENTIFIER | |
| control field | OSt |
| 005 - DATE AND TIME OF LATEST TRANSACTION | |
| control field | 20250801145710.0 |
| 008 - FIXED-LENGTH DATA ELEMENTS--GENERAL INFORMATION | |
| fixed length control field | 181211t2019 ck a gr 000 j spa |
| 010 ## - LIBRARY OF CONGRESS CONTROL NUMBER | |
| LC control number | 2018483816 |
| 020 ## - INTERNATIONAL STANDARD BOOK NUMBER | |
| International Standard Book Number | 9789584277626 |
| 035 ## - SYSTEM CONTROL NUMBER | |
| System control number | (SP-BaPL)pu180661221 |
| 040 ## - CATALOGING SOURCE | |
| Original cataloging agency | CO-JMCR |
| Transcribing agency | CO-JMCR |
| 041 ## - LANGUAGE CODE | |
| Language code of text/sound track or separate title | spa |
| 082 ## - DEWEY DECIMAL CLASSIFICATION NUMBER | |
| Classification number | J-C |
| Item number | NDJt |
| 100 1# - MAIN ENTRY--PERSONAL NAME | |
| Personal name | Ndjocu, César Brandon, |
| Relator term | autor |
| 9 (RLIN) | 35 |
| 245 10 - TITLE STATEMENT | |
| Title | Toda la felicidad del universo / |
| Statement of responsibility, etc. | César Brandon Ndjocu. |
| 260 ## - PUBLICATION, DISTRIBUTION, ETC. | |
| Place of publication, distribution, etc. | Bogotá : |
| Name of publisher, distributor, etc. | Espasa, |
| Date of publication, distribution, etc. | ©2019 |
| 300 ## - PHYSICAL DESCRIPTION | |
| Extent | 253 páginas : |
| Other physical details | ilustraciones ; |
| Dimensions | 19 cm. |
| 490 0# - SERIES STATEMENT | |
| Series statement | Espasa es poesía |
| 520 ## - SUMMARY, ETC. | |
| Summary, etc. | ¡Ahora que tengo tu atención!<br/>Érase una vez, en un pueblo muy lejano, un niño al que le encantaba contar historias. <br/>Érase una vez un niño al que le dijeron que no le dijeron que no podía ser escritor.<br/>Érase una vez un niño que lo consiguió.<br/>Érase una vez este libro.<br/>Érase una vez YO.<br/>Hay estrellas que piden atención para ser escuchadas. Sino para escuchar. |
| 650 ## - SUBJECT ADDED ENTRY--TOPICAL TERM | |
| Topical term or geographic name entry element | Cuentos cortos |
| 9 (RLIN) | 36 |
| 942 ## - ADDED ENTRY ELEMENTS (KOHA) | |
| Source of classification or shelving scheme | Dewey Decimal Classification |
| Koha item type | Books |
| Withdrawn status | Lost status | Source of classification or shelving scheme | Damaged status | Not for loan | Home library | Current library | Date acquired | Source of acquisition | Total Checkouts | Total Renewals | Full call number | Barcode | Date last seen | Date last checked out | Copy number | Price effective from | Koha item type |
|---|---|---|---|---|---|---|---|---|---|---|---|---|---|---|---|---|---|
| Dewey Decimal Classification | Biblioteca Pública José María del Castillo y Rada | Biblioteca Pública José María del Castillo y Rada | 01/23/2020 | Donación | 9 | 7 | J-C NDJt | 201809845 | 01/29/2024 | 01/29/2024 | Ej.1 | 01/23/2020 | Books |